000 00534nam a2200169 i 4500
001 43234
003 ES-MaACL
005 20230906160745.0
007 t|
008 030317s1900 sp ||||1| spa d
100 1 _aCastro y Casaleiz, Antonio de.
_936968
245 1 0 _aEstudios de derecho internacional privado
_b: conflictos de nacionalidad /
_cpor Antonio de Castro y Casaleiz.
260 _aMadrid :
_b[s.n.],
_c1900 (
_fRicardo Fe)
300 _a300 p. ;
_c23 cm.
650 4 _aExtranjeros.
_9157519
852 _aES-MaACL
_jF-14606
999 _c43234
_d43234